Curiosidades bibliográficas de obras raras de amenidad y erudición
Salvato in:
| Ente Autore: | |
|---|---|
| Natura: | Libro |
| Lingua: | Undetermined |
| Pubblicazione: |
Madrid, España
Rivadeneyra
1855
|
| Soggetti: | |
| Tags: |
Aggiungi Tag
Nessun Tag, puoi essere il primo ad aggiungerne!!
|
MARC
| LEADER | 00000nam a2200000Ia 4500 | ||
|---|---|---|---|
| 008 | 170316s9999 xx 000 0 und d | ||
| 110 | |a Biblioteca de autores españoles | ||
| 245 | |a Curiosidades bibliográficas de obras raras de amenidad y erudición | ||
| 260 | |a Madrid, España | ||
| 260 | |b Rivadeneyra | ||
| 260 | |c 1855 | ||
| 300 | |a 556 páginas Vol. 36 | ||
| 650 | |a ENCICLOPEDIAS EN ESPAÑOL | ||
| 999 | |c 30165 |d 30165 | ||
| 040 | |a cru BVZT | ||
| 942 | |c 15 D |2 z | ||
